000 00319 a2200157 4500
001 179986
020 _a
040 _cMagnum
100 _a-
240 1 0 _aAs sapatilhas vermelhas
_lpor
245 1 0 _aAs sapatilhas vermelhas
362 0 _a1899
440 1 _aLoyola
697 _aMAGNITO: IJ/FABULAS
942 _cBK
999 _c179986
_d179986